La mujer invisible (Registro nro. 51959)
[ vista simple ]
| 000 -CABECERA | |
|---|---|
| Longitud fija campo de control | 01388nam a2200433 c 4500 |
| 001 - NÚMERO DE CONTROL | |
| Número de control | 51959 |
| 003 - IDENTIFICADOR DE NÚMERO DE CONTROL | |
| Identificador del número de control | ES-MaCES |
| 005 - FECHA Y HORA DE LA ÚLTIMA TRANSACCIÓN | |
| Fecha y hora de la última transacción | 20210908104727.0 |
| 008 - CAMPO FIJO DE DESCRIPCIÓN FIJA--INFORMACIÓN GENERAL | |
| Códigos de información de longitud fija | 210908s2020 sp a 000 ||spa d |
| 017 ## - NÚMERO DE REGISTRO DE DERECHOS DE AUTOR Y DEPÓSITO LEGAL | |
| Número de copyright o de depósito legal | B 26415-2019 |
| Agencia que asigna el número | DL |
| 020 ## - ISBN (INTERNATIONAL STANDARD BOOK NUMBER) | |
| Número Internacional Normalizado para Libros (ISBN) | 9788432224706 |
| 040 ## - FUENTE DE CATALOGACIÓN | |
| Centro catalogador de origen | ES-MaCES |
| Lengua de catalogación | spa |
| Centro transcriptor | ES-MaCES |
| 041 1# - CÓDIGO DE IDIOMA | |
| Código de lengua del texto;banda sonora o título independiente | spa |
| Código de lengua original | eng |
| 100 1# - ENCABEZAMIENTO PRINCIPAL--NOMBRE PERSONAL | |
| Nombre de persona | Criado Pérez, Caroline |
| 9 (RLIN) | 40088 |
| 245 13 - MENCIÓN DE TÍTULO | |
| Título | La mujer invisible |
| Resto del título | : descubre cómo los datos configuran un mundo hecho por y para los hombres |
| Mención de responsabilidad, etc. | Caroline Criado Pérez ; [por la trad., Aurora Echevarría] |
| 250 ## - MENCIÓN DE EDICIÓN | |
| Mención de edición | 1ª ed |
| 260 ## - PUBLICACIÓN, DISTRIBUCIÓN, ETC (PIE DE IMPRENTA) | |
| Lugar de publicación, distribución, etc. | Barcelona |
| Nombre del editor, distribuidor, etc. | Seix Barral |
| Fecha de publicación, distribución, etc. | 2020 |
| 300 ## - DESCRIPCIÓN FÍSICA | |
| Extensión | 527 p. |
| Dimensiones | 23 cm |
| 490 1# - MENCIÓN DE SERIE | |
| Mención de serie | Los tres mundos |
| 500 ## - NOTA GENERAL | |
| Nota general | Traducción de: Invisible women |
| 541 ## - NOTA DE LA FUENTE INMEDIANTE DE ADQUISICIÓN | |
| Forma de adquisición | Compra |
| 650 #4 - ASIENTO SECUNDARIO DE MATERIA--TÉRMINO DE MATERIA | |
| Término de materia o nombre geográfico como elemento inicial | mujeres |
| 9 (RLIN) | 28657 |
| 650 #4 - ASIENTO SECUNDARIO DE MATERIA--TÉRMINO DE MATERIA | |
| Término de materia o nombre geográfico como elemento inicial | discriminación por razones de sexo |
| 9 (RLIN) | 29521 |
| 650 #4 - ASIENTO SECUNDARIO DE MATERIA--TÉRMINO DE MATERIA | |
| Término de materia o nombre geográfico como elemento inicial | sociedad |
| 9 (RLIN) | 27269 |
| 650 #4 - ASIENTO SECUNDARIO DE MATERIA--TÉRMINO DE MATERIA | |
| Término de materia o nombre geográfico como elemento inicial | condiciones de vida |
| 9 (RLIN) | 27111 |
| 650 #4 - ASIENTO SECUNDARIO DE MATERIA--TÉRMINO DE MATERIA | |
| Término de materia o nombre geográfico como elemento inicial | trabajo |
| 9 (RLIN) | 28289 |
| 650 #4 - ASIENTO SECUNDARIO DE MATERIA--TÉRMINO DE MATERIA | |
| Término de materia o nombre geográfico como elemento inicial | economía |
| 9 (RLIN) | 26781 |
| 650 #4 - ASIENTO SECUNDARIO DE MATERIA--TÉRMINO DE MATERIA | |
| Término de materia o nombre geográfico como elemento inicial | toma de decisiones |
| 9 (RLIN) | 28194 |
| 650 #4 - ASIENTO SECUNDARIO DE MATERIA--TÉRMINO DE MATERIA | |
| Término de materia o nombre geográfico como elemento inicial | cambio social |
| 9 (RLIN) | 27286 |
| 650 #4 - ASIENTO SECUNDARIO DE MATERIA--TÉRMINO DE MATERIA | |
| Término de materia o nombre geográfico como elemento inicial | cambio cultural |
| 9 (RLIN) | 27262 |
| 650 #4 - ASIENTO SECUNDARIO DE MATERIA--TÉRMINO DE MATERIA | |
| 9 (RLIN) | 30645 |
| Término de materia o nombre geográfico como elemento inicial | planificación en función del género |
| 650 #4 - ASIENTO SECUNDARIO DE MATERIA--TÉRMINO DE MATERIA | |
| 9 (RLIN) | 27183 |
| Término de materia o nombre geográfico como elemento inicial | igualdad de oportunidades |
| 653 10 - TÉRMINO DE INDEXACIÓN--NO CONTROLADO | |
| Término no controlado | Mujer |
| 700 1# - ENCABEZAMIENTO SECUNDARIO--NOMBRE PERSONAL | |
| 9 (RLIN) | 40089 |
| Nombre de persona | Echevarría, Aurora |
| Término indicativo de función | tr. |
| 740 02 - ENCABEZAMIENTO SECUNDARIO--TÍTULO ANALÍTICO/RELACIONADO NO CONTROLADO | |
| Título relacionado o analítico no controlado | Invisible women |
| 830 #4 - ENCABEZAMIENTO SECUNDARIO DE COLECCIÓN--TÍTULO UNIFORME | |
| Título uniforme | Los tres mundos |
| 9 (RLIN) | 35951 |
| 902 ## - CES. TIPO DE DOCUMENTO | |
| Tipodoc (006$c Sirtex) | LIB Libro |
| 942 ## - ELEMENTOS KOHA | |
| Fuente de clasificaión o esquema | Clasificación propia del CES |
| Koha [por defecto] tipo de item | Monografías |
| Parte de clasificación | Asuntos Sociales |
| Número de registro | Signatura completa | Tipo de item de Koha |
|---|---|---|
| 092380 | SG-3.3.-460 | Monografías |
